[Event "Stockholm op"]
[Site "Stockholm"]
[Date "2019.08.14"]
[Round "5"]
[White "Karlsson, Lars"]
[Black "Duenas, Alexis"]
[Result "1-0"]
[WhiteElo "2454"]
[BlackElo "1694"]
[PlyCount "77"]
[EventDate "2019.08.12"]
[EventType "swiss"]
[EventRounds "9"]
[EventCountry "SWE"]
[SourceTitle "EXT 2020"]
[Source "ChessBase"]
[SourceDate "2019.10.17"]
[SourceVersion "1"]
[SourceVersionDate "2019.10.17"]
[SourceQuality "1"]

1. f4 d5 2. Nf3 Nf6 3. e3 g6 4. b4 Bg7 5. Bb2 0-0 6. a4 c6 7. c4 Bg4 8. Qb3 Bxf3 9. gxf3 e6 10. d4 Nh5 11. Qc2 Qh4+ 12. Qf2 Qxf2+ 13. Kxf2 Nd7 14. Nc3 a6 15. Bd3 Ra7 16. cxd5 exd5 17. f5 Re8 18. Rab1 b5 19. a5 Nb8 20. Ne2 Bh6 21. Bc1 Rae7 22. e4 Bxc1 23. Rbxc1 dxe4 24. fxe4 gxf5 25. e5 f6 26. e6 Rxe6 27. Ng3 Nxg3 28. hxg3 Rd6 29. Rh4 Red8 30. Ke3 Re6+ 31. Kd2 Rde8 32. Rch1 R6e7 33. Bxf5 Re2+ 34. Kd1 Ra2 35. Bxh7+ Kf8 36. Bb1 Ree2 37. Rh8+ Ke7 38. R1h7+ Kd6 39. Rd8+ 1-0

[Event "Stockholm op"]
[Site "Stockholm"]
[Date "2018.08.18"]
[Round "8"]
[White "Karlsson, Lars"]
[Black "Belokon, Artour"]
[Result "1-0"]
[WhiteElo "2472"]
[BlackElo "2003"]
[PlyCount "117"]
[EventDate "2018.08.13"]
[EventType "swiss"]
[EventRounds "9"]
[EventCountry "SWE"]
[SourceTitle "EXT 2019"]
[Source "ChessBase"]
[SourceDate "2018.10.10"]
[SourceVersion "1"]
[SourceVersionDate "2018.10.10"]
[SourceQuality "1"]

1. f4 c5 2. Nf3 Nc6 3. e3 a6 4. b3 Nf6 5. Bb2 d6 6. g3 g6 7. Bxf6 exf6 8. c4 d5 9. Nc3 Be6 10. f5 Bxf5 11. cxd5 Ne5 12. Nxe5 fxe5 13. Bg2 Bd6 14. Qf3 h5 15. 0-0 Qe7 16. Rf2 0-0 17. h3 e4 18. Nxe4 Bxe4 19. Qxe4 Qxe4 20. Bxe4 Bxg3 21. Rg2 h4 22. Rc1 b6 23. Kf1 a5 24. a4 Rae8 25. Bf3 f5 26. Ke2 Kf7 27. Kd3 Ke7 28. Kc4 Kd6 29. Kb5 Rg8 30. Rc4 Re7 31. Rg1 g5 32. Rf1 Re5 33. Bg2 Rc8 34. e4 Rc7 35. Rxf5 Rxf5 36. exf5 Be1 37. Re4 Re7 38. Rxe7 Kxe7 39. Kc6 Bxd2 40. d6+ Kd8 41. f6 Bc3 42. f7 Bg7 43. Bf3 Bf8 44. Bg4 Bg7 45. Bf5 Bf8 46. Be6 Bg7 47. Kxb6 Bf8 48. Kc6 c4 49. bxc4 g4 50. hxg4 h3 51. c5 h2 52. Bd5 Kc8 53. g5 Kd8 54. Bg2 Kc8 55. Kd5 Kd7 56. c6+ Kc8 57. c7 h1Q 58. Bxh1 Bxd6 59. Kc6 1-0

[Event "Vasteras op"]
[Site "Vasteras"]
[Date "2017.09.29"]
[Round "1"]
[White "Davidsdottir, Nansy"]
[Black "Karlsson, Lars"]
[Result "0-1"]
[WhiteElo "1954"]
[BlackElo "2448"]
[PlyCount "58"]
[EventDate "2017.09.29"]
[EventType "swiss"]
[EventRounds "8"]
[EventCountry "SWE"]
[SourceTitle "EXT 2018"]
[Source "ChessBase"]
[SourceDate "2017.10.13"]
[SourceVersion "1"]
[SourceVersionDate "2017.10.13"]
[SourceQuality "1"]

1. e4 g6 2. d4 Bg7 3. c3 d6 4. Nf3 Nc6 5. Be3 e5 6. Nbd2 Nf6 7. d5 Ne7 8. h3 0-0 9. c4 Nh5 10. g4 Nf4 11. Bxf4 exf4 12. Qc2 c6 13. Bd3 Bd7 14. Qb3 Rb8 15. 0-0 h5 16. Nh2 Qa5 17. Qc2 hxg4 18. hxg4 b5 19. Nb3 Qb4 20. cxb5 cxd5 21. Qc7 Rfd8 22. f3 Bd4+ 23. Kg2 Be3 24. Rfd1 g5 25. Nf1 Bb6 26. Qc2 Ng6 27. Nbd2 Rbc8 28. Qb3 Qd4 29. Kh3 Kg7 0-1

[Event "Vasteras op"]
[Site "Vasteras"]
[Date "2017.09.29"]
[Round "4"]
[White "Karlsson, Lars"]
[Black "Henriksson, Johan"]
[Result "1-0"]
[WhiteElo "2448"]
[BlackElo "2286"]
[PlyCount "53"]
[EventDate "2017.09.29"]
[EventType "swiss"]
[EventRounds "8"]
[EventCountry "SWE"]
[SourceTitle "EXT 2018"]
[Source "ChessBase"]
[SourceDate "2017.10.13"]
[SourceVersion "1"]
[SourceVersionDate "2017.10.13"]
[SourceQuality "1"]

1. b3 e5 2. Bb2 Nc6 3. Nf3 e4 4. Ne5 Qf6 5. Nc4 Qg6 6. Ne3 Nf6 7. c4 Bd6 8. Nc3 Be5 9. Qc1 d6 10. Nb5 Kd8 11. Nd5 Ne8 12. e3 Bxb2 13. Qxb2 Ne5 14. c5 Nd3+ 15. Bxd3 exd3 16. Nf4 Qg5 17. Rc1 Bd7 18. Nd4 dxc5 19. h4 Qf6 20. Rxc5 b6 21. Re5 c5 22. Nf3 Bc6 23. Qc3 Kc7 24. b4 Rd8 25. bxc5 b5 26. Qa5+ Kb7 27. Nh5 1-0

[Event "Vasteras op"]
[Site "Vasteras"]
[Date "2017.09.29"]
[Round "3"]
[White "Marttala, Thomas"]
[Black "Karlsson, Lars"]
[Result "0-1"]
[WhiteElo "2186"]
[BlackElo "2448"]
[PlyCount "152"]
[EventDate "2017.09.29"]
[EventType "swiss"]
[EventRounds "8"]
[EventCountry "SWE"]
[SourceTitle "EXT 2018"]
[Source "ChessBase"]
[SourceDate "2017.10.13"]
[SourceVersion "1"]
[SourceVersionDate "2017.10.13"]
[SourceQuality "1"]

1. Nf3 g6 2. d4 Bg7 3. g3 d6 4. Bg2 Nc6 5. 0-0 Bg4 6. c3 Nf6 7. Nbd2 0-0 8. Re1 Qc8 9. e4 e5 10. dxe5 Nxe5 11. Qc2 Nfd7 12. Nxe5 Nxe5 13. f4 Nc6 14. Nc4 Re8 15. Bd2 Bh3 16. Bh1 b5 17. Ne3 Rb8 18. a3 Na5 19. b4 Nc4 20. Nxc4 bxc4 21. Be3 c5 22. bxc5 Rb3 23. Bd4 dxc5 24. Bxg7 Kxg7 25. Red1 Qb7 26. Qf2 Rxc3 27. f5 Qe7 28. Rd5 gxf5 29. Rxc5 Qf6 30. Re1 fxe4 31. Qxf6+ Kxf6 32. Rxe4 Rc1+ 33. Kf2 Rd8 34. Rf4+ Kg7 35. Bd5 Rf1+ 36. Ke3 Rxf4 37. gxf4 c3 38. Be4 Rd2 39. Rxc3 Rxh2 40. Rc7 Bg2 41. Rxa7 h5 42. Bxg2 Rxg2 43. Kf3 Rg1 44. Ra5 Kg6 45. Kf2 Rb1 46. Rg5+ Kh6 47. a4 Rb4 48. Rf5 Kg6 49. Rg5+ Kf6 50. Rxh5 Rxf4+ 51. Ke3 Rxa4 52. Rh8 Kg6 53. Kf3 Kg5 54. Rg8+ Kf5 55. Ke3 Ra3+ 56. Ke2 Kf4 57. Kd2 f5 58. Rf8 Ra2+ 59. Ke1 Kg4 60. Kf1 f4 61. Rc8 Kg3 62. Rg8+ Kf3 63. Kg1 Ra1+ 64. Kh2 Ke3 65. Re8+ Kf2 66. Rc8 Ra2 67. Kh1 f3 68. Rg8 Ra7 69. Rh8 Rg7 70. Rh2+ Rg2 71. Rh7 Rg1+ 72. Kh2 Rg8 73. Kh1 Kf1 74. Rh6 f2 75. Kh2 Re8 76. Kg3 Kg1 0-1

[Event "Stockholm op"]
[Site "Stockholm"]
[Date "2017.08.20"]
[Round "8"]
[White "Karlsson, Lars"]
[Black "Evertsson, Rune"]
[Result "1-0"]
[WhiteElo "2449"]
[BlackElo "1998"]
[PlyCount "69"]
[EventDate "2017.08.15"]
[EventType "swiss"]
[EventRounds "9"]
[EventCountry "SWE"]
[SourceTitle "CBM 180 Extra"]
[Source "ChessBase"]
[SourceDate "2017.10.06"]
[SourceVersion "1"]
[SourceVersionDate "2017.10.06"]
[SourceQuality "1"]

1. b3 d5 2. Bb2 Nf6 3. e3 Bf5 4. f4 e6 5. Nf3 Be7 6. Nc3 0-0 7. Ne2 c5 8. Ng3 Bg4 9. Bd3 Nc6 10. a3 Rc8 11. 0-0 g6 12. h3 Bxf3 13. Qxf3 a6 14. Nh1 b5 15. Nf2 c4 16. Be2 h5 17. g4 hxg4 18. hxg4 Ne4 19. Nxe4 dxe4 20. Qh1 Bf6 21. Bxf6 Qxf6 22. bxc4 bxc4 23. Qxe4 Rfd8 24. d4 cxd3 25. Bxd3 Qh4 26. Rf2 a5 27. Qf3 Ne7 28. Raf1 Rc5 29. e4 Nc6 30. Rh2 Qf6 31. e5 Qg7 32. Kh1 Rc3 33. Qf2 Rdxd3 34. cxd3 Rxd3 35. Qc2 1-0

[Event "Stockholm op"]
[Site "Stockholm"]
[Date "2017.08.17"]
[Round "5"]
[White "Karlsson, Lars"]
[Black "Hammar, Bengt Erik"]
[Result "1-0"]
[WhiteElo "2449"]
[BlackElo "2166"]
[PlyCount "67"]
[EventDate "2017.08.15"]
[EventType "swiss"]
[EventRounds "9"]
[EventCountry "SWE"]
[SourceTitle "CBM 180 Extra"]
[Source "ChessBase"]
[SourceDate "2017.10.06"]
[SourceVersion "1"]
[SourceVersionDate "2017.10.06"]
[SourceQuality "1"]

1. b3 Nf6 2. Bb2 g6 3. Bxf6 exf6 4. c4 d5 5. cxd5 Qxd5 6. Nc3 Qd6 7. Rc1 c6 8. e3 f5 9. d4 Bg7 10. g3 0-0 11. Bg2 Nd7 12. Nge2 Nf6 13. Nf4 Bd7 14. Nd3 Rad8 15. 0-0 h5 16. b4 h4 17. b5 hxg3 18. hxg3 cxb5 19. Nc5 Bc6 20. Nxb7 Bxb7 21. Bxb7 Ng4 22. Qf3 b4 23. Nd5 Rfe8 24. Rc5 Rb8 25. Rc6 Qd8 26. Rc7 Nf6 27. Rfc1 Ne4 28. Bc6 Rf8 29. Ne7+ Kh7 30. Bxe4 fxe4 31. Qxe4 a5 32. R1c6 Bf6 33. Nxg6 Bg7 34. Ne7+ 1-0

[Event "Stockholm Scandic Ariadne"]
[Site "Stockholm"]
[Date "2016.11.05"]
[Round "5"]
[White "Ornstein, Axel"]
[Black "Karlsson, Lars"]
[Result "1/2-1/2"]
[WhiteElo "2339"]
[BlackElo "2448"]
[PlyCount "50"]
[EventDate "2016.11.04"]
[EventType "swiss"]
[EventRounds "8"]
[EventCountry "SWE"]
[SourceTitle "CBM 175 Extra"]
[Source "ChessBase"]
[SourceDate "2016.12.12"]
[SourceVersion "1"]
[SourceVersionDate "2016.12.12"]
[SourceQuality "1"]

1. d4 g6 2. e4 Bg7 3. Nf3 d6 4. c3 Nf6 5. Bd3 0-0 6. 0-0 Nc6 7. h3 e5 8. Be3 d5 9. Nbd2 dxe4 10. Nxe4 Nd5 11. Bg5 f6 12. Bh4 exd4 13. cxd4 Kh8 14. Re1 Nce7 15. Nc5 b6 16. Ne6 Bxe6 17. Rxe6 Nf4 18. Re4 Ned5 19. Bc4 Qd7 20. Bg3 g5 21. Qb3 Rae8 22. Rae1 Rxe4 23. Rxe4 c6 24. Bxf4 Nxf4 25. Be6 Qc7 1/2-1/2

[Event "Stockholm Scandic Ariadne"]
[Site "Stockholm"]
[Date "2016.11.04"]
[Round "1"]
[White "Myrene, Jon Kare"]
[Black "Karlsson, Lars"]
[Result "0-1"]
[WhiteElo "1941"]
[BlackElo "2448"]
[PlyCount "102"]
[EventDate "2016.11.04"]
[EventType "swiss"]
[EventRounds "8"]
[EventCountry "SWE"]
[SourceTitle "CBM 175 Extra"]
[Source "ChessBase"]
[SourceDate "2016.12.12"]
[SourceVersion "1"]
[SourceVersionDate "2016.12.12"]
[SourceQuality "1"]

1. e4 g6 2. d4 Bg7 3. Nf3 d6 4. Bc4 e6 5. 0-0 a6 6. c3 Nd7 7. Bg5 Ne7 8. Nbd2 h6 9. Bh4 g5 10. Bg3 Ng6 11. Re1 g4 12. Kh1 gxf3 13. Nxf3 Nf6 14. Qc2 Nh5 15. Rad1 Qe7 16. e5 Nxg3+ 17. fxg3 d5 18. Bd3 Nf8 19. Rf1 Bd7 20. Rf2 Bb5 21. Rdf1 Bxd3 22. Qxd3 0-0-0 23. Nd2 Rd7 24. b4 Qe8 25. Nb3 Re7 26. Nc5 Nd7 27. Nb3 Nb6 28. Nc5 Kb8 29. Qc2 h5 30. a4 Bh6 31. h3 Nc4 32. Qd3 Rg8 33. b5 a5 34. Ne4 dxe4 35. Qxc4 Qd7 36. Rd1 Rxg3 37. d5 Rd3 38. Rxd3 exd3 39. Qxd3 Qxd5 40. Qh7 Qd1+ 41. Kh2 Qc1 42. Qg8+ Ka7 43. Qd8 Bf4+ 44. g3 Be3 45. Rg2 Bc5 46. Qd3 h4 47. Qc4 hxg3+ 48. Rxg3 Qd2+ 49. Rg2 Qe3 50. h4 Qxe5+ 51. Kh1 Rd7 0-1

[Event "Stockholm Scandic Ariadne"]
[Site "Stockholm"]
[Date "2016.11.04"]
[Round "3"]
[White "Rahul, Kumar Pune"]
[Black "Karlsson, Lars"]
[Result "0-1"]
[WhiteElo "2184"]
[BlackElo "2448"]
[PlyCount "46"]
[EventDate "2016.11.04"]
[EventType "swiss"]
[EventRounds "8"]
[EventCountry "SWE"]
[SourceTitle "CBM 175 Extra"]
[Source "ChessBase"]
[SourceDate "2016.12.12"]
[SourceVersion "1"]
[SourceVersionDate "2016.12.12"]
[SourceQuality "1"]

1. e4 c5 2. Na3 Nc6 3. c3 e6 4. Nf3 a6 5. d3 d5 6. Qe2 Be7 7. g3 Nf6 8. Bg2 b5 9. 0-0 Bb7 10. Bf4 h6 11. Rad1 Qb6 12. Rfe1 0-0-0 13. exd5 Nxd5 14. Bc1 Bf6 15. Nd2 Bxc3 16. Bxd5 Bxd2 17. Bxe6+ Kb8 18. Bxd2 Nd4 19. Qe5+ Ka8 20. Bg4 h5 21. Be2 Rde8 22. Qxg7 Qc6 23. f3 Nxf3+ 0-1

[Event "Deltalift op"]
[Site "Tylosand"]
[Date "2016.05.07"]
[Round "8"]
[White "Karlsson, Lars"]
[Black "Reid, Gregor JM"]
[Result "1-0"]
[WhiteElo "2441"]
[BlackElo "2170"]
[PlyCount "71"]
[EventDate "2016.05.05"]
[EventType "swiss"]
[EventRounds "8"]
[EventCountry "SWE"]
[SourceTitle "CBM 172 Extra"]
[Source "ChessBase"]
[SourceDate "2016.06.21"]
[SourceVersion "1"]
[SourceVersionDate "2016.06.21"]
[SourceQuality "1"]

1. b3 Nf6 2. Bb2 g6 3. Bxf6 exf6 4. c4 Bg7 5. Nc3 0-0 6. g3 f5 7. Rc1 d6 8. Bg2 Nd7 9. e3 c6 10. Nge2 Nf6 11. Qc2 Re8 12. b4 h5 13. b5 c5 14. Nd5 Nxd5 15. Bxd5 Qb6 16. Nf4 Kf8 17. Bg2 Be6 18. Rb1 Be5 19. Nd5 Bxd5 20. Bxd5 Kg7 21. f4 Bf6 22. Rg1 Re7 23. Kf2 Rae8 24. Kf3 Kf8 25. h3 Qa5 26. Rb3 Kg7 27. Qd3 Rh8 28. b6 Ra8 29. bxa7 Qxa7 30. a3 Rh8 31. Rgb1 Rb8 32. Rb6 Kf8 33. Rxd6 Bg7 34. Bxb7 Rbxb7 35. Rd8+ Re8 36. Qd6+ 1-0

[Event "Deltalift op"]
[Site "Tylosand"]
[Date "2016.05.06"]
[Round "6"]
[White "Karlsson, Lars"]
[Black "Brynell, Stellan"]
[Result "1/2-1/2"]
[WhiteElo "2441"]
[BlackElo "2445"]
[PlyCount "32"]
[EventDate "2016.05.05"]
[EventType "swiss"]
[EventRounds "8"]
[EventCountry "SWE"]
[SourceTitle "CBM 172 Extra"]
[Source "ChessBase"]
[SourceDate "2016.06.21"]
[SourceVersion "1"]
[SourceVersionDate "2016.06.21"]
[SourceQuality "1"]

1. b3 e5 2. Bb2 Nc6 3. Nf3 e4 4. Ne5 Nf6 5. e3 Nxe5 6. Bxe5 d5 7. c4 dxc4 8. Nc3 cxb3 9. Qxb3 Be7 10. Nb5 0-0 11. Bxc7 Qd5 12. Bg3 Qxb3 13. axb3 a6 14. Nc7 Ra7 15. Nb5 Ra8 16. Nc7 Ra7 1/2-1/2

[Event "Deltalift op"]
[Site "Tylosand"]
[Date "2016.05.05"]
[Round "4"]
[White "Karlsson, Lars"]
[Black "Kenani, Dariush"]
[Result "1-0"]
[WhiteElo "2441"]
[BlackElo "1981"]
[PlyCount "93"]
[EventDate "2016.05.05"]
[EventType "swiss"]
[EventRounds "8"]
[EventCountry "SWE"]
[SourceTitle "CBM 172 Extra"]
[Source "ChessBase"]
[SourceDate "2016.06.21"]
[SourceVersion "1"]
[SourceVersionDate "2016.06.21"]
[SourceQuality "1"]

1. b3 d5 2. Bb2 c5 3. e3 Nc6 4. Bb5 Bf5 5. f4 f6 6. Nf3 Bg6 7. 0-0 e6 8. Bxc6+ bxc6 9. d3 Nh6 10. Nbd2 Be7 11. Qe2 0-0 12. e4 Qd7 13. Rae1 Bf7 14. h3 Kh8 15. g4 Rae8 16. Kh1 Bd8 17. Rg1 Ng8 18. Qg2 Bc7 19. g5 Bg6 20. gxf6 Nxf6 21. Ne5 Bxe5 22. Bxe5 Nh5 23. Qh2 Rf7 24. Nf3 Ref8 25. Ng5 Rxf4 26. Bxf4 Nxf4 27. Qg3 e5 28. exd5 Qxd5+ 29. Ne4 Qd7 30. Rgf1 Rf5 31. Nxc5 Qd5+ 32. Ne4 Rh5 33. Rxf4 exf4 34. Qxf4 h6 35. Kh2 Bf5 36. Re3 Qa5 37. a4 Bxe4 38. Qxe4 Qd2+ 39. Re2 Qg5 40. Qe8+ Kh7 41. Qe4+ Kh8 42. Qf3 Kh7 43. Qe4+ Kh8 44. Rg2 Qf6 45. Qe8+ Kh7 46. Qxh5 Qf4+ 47. Kh1 1-0

[Event "Deltalift op"]
[Site "Tylosand"]
[Date "2016.05.05"]
[Round "1"]
[White "Tillman, Jan Olof"]
[Black "Karlsson, Lars"]
[Result "0-1"]
[WhiteElo "1900"]
[BlackElo "2441"]
[PlyCount "50"]
[EventDate "2016.05.05"]
[EventType "swiss"]
[EventRounds "8"]
[EventCountry "SWE"]
[SourceTitle "CBM 172 Extra"]
[Source "ChessBase"]
[SourceDate "2016.06.21"]
[SourceVersion "1"]
[SourceVersionDate "2016.06.21"]
[SourceQuality "1"]

1. Nf3 g6 2. e4 Bg7 3. d4 d6 4. c4 Bg4 5. Be2 Nc6 6. Be3 e5 7. d5 Bxf3 8. Bxf3 Nd4 9. Nc3 Ne7 10. 0-0 0-0 11. Bxd4 exd4 12. Ne2 c5 13. dxc6 Nxc6 14. Rb1 a5 15. Nf4 a4 16. b4 axb3 17. axb3 Nb4 18. Nd5 Na2 19. Qd3 Nc3 20. Ra1 Nxd5 21. exd5 Qb6 22. h4 Qb4 23. Rab1 Rfe8 24. h5 Qc3 25. Rfd1 Re1+ 0-1

[Event "SWE-chT 1516"]
[Site "Sweden"]
[Date "2016.03.18"]
[Round "7.2"]
[White "Karlsson, Lars"]
[Black "Semcesen, Daniel"]
[Result "1/2-1/2"]
[WhiteElo "2445"]
[BlackElo "2436"]
[PlyCount "67"]
[EventDate "2015.11.06"]
[EventType "team-tourn"]
[EventRounds "9"]
[EventCountry "SWE"]
[SourceTitle "EXT 2017"]
[Source "ChessBase"]
[SourceDate "2016.10.25"]
[SourceVersion "1"]
[SourceVersionDate "2016.10.25"]
[SourceQuality "1"]
[WhiteTeam "Stockholm Rockaden"]
[BlackTeam "Lunds"]
[WhiteTeamCountry "SWE"]
[BlackTeamCountry "SWE"]

1. b3 d5 2. Bb2 Nf6 3. e3 Bf5 4. f4 e6 5. Nf3 Nbd7 6. Nc3 c6 7. Ne2 h6 8. Ng3 Bh7 9. Bd3 Bxd3 10. cxd3 Bd6 11. Ne5 Bxe5 12. fxe5 Nh7 13. 0-0 0-0 14. Rf4 Qe7 15. Qe2 f6 16. exf6 Nhxf6 17. Raf1 Rf7 18. b4 Raf8 19. a3 a6 20. Rc1 Ne8 21. Rxf7 Rxf7 22. Qg4 Kh7 23. Bd4 Nd6 24. Rf1 Rxf1+ 25. Kxf1 Nb5 26. Bb2 Nd6 27. Ke2 e5 28. Nf5 Nxf5 29. Qxf5+ Kg8 30. Qg6 Nf8 31. Qg3 Nd7 32. Qg6 Nf8 33. Qg3 Nd7 34. Qg6 1/2-1/2

[Event "Malmo op"]
[Site "Malmo"]
[Date "2015.12.19"]
[Round "5"]
[White "Gutzmann, Tobias"]
[Black "Karlsson, Lars"]
[Result "0-1"]
[WhiteElo "2148"]
[BlackElo "2450"]
[PlyCount "64"]
[EventDate "2015.12.18"]
[EventType "swiss"]
[EventRounds "7"]
[EventCountry "SWE"]
[SourceTitle "EXT 2017"]
[Source "ChessBase"]
[SourceDate "2016.10.25"]
[SourceVersion "1"]
[SourceVersionDate "2016.10.25"]
[SourceQuality "1"]

1. d4 g6 2. e4 Bg7 3. Nf3 d6 4. h3 a6 5. a4 b6 6. Be3 Nd7 7. Bc4 e6 8. Bg5 Ne7 9. Nc3 h6 10. Bf4 Bb7 11. Qd3 g5 12. Bd2 Ng6 13. 0-0-0 b5 14. Bb3 c5 15. axb5 cxd4 16. Na4 Nc5 17. Nxc5 dxc5 18. Qc4 axb5 19. Qxb5+ Qd7 20. Qxd7+ Kxd7 21. Kb1 Bxe4 22. Rhe1 Bxf3 23. gxf3 Rhb8 24. Re4 Ra7 25. Bc1 Ke7 26. f4 gxf4 27. Bxf4 Nxf4 28. Rxf4 Rb4 29. Rg1 Be5 30. Re4 Bf6 31. Bxe6 fxe6 32. Rg6 d3 0-1

[Event "Vasteras op"]
[Site "Vasteras"]
[Date "2015.09.27"]
[Round "8"]
[White "Rydstrom, Tom"]
[Black "Karlsson, Lars"]
[Result "1/2-1/2"]
[WhiteElo "2334"]
[BlackElo "2443"]
[PlyCount "85"]
[EventDate "2015.09.25"]
[EventType "swiss"]
[EventRounds "8"]
[EventCountry "SWE"]
[SourceTitle "EXT 2016"]
[Source "ChessBase"]
[SourceDate "2015.10.08"]
[SourceVersion "1"]
[SourceVersionDate "2015.10.08"]
[SourceQuality "1"]

1. e4 g6 2. d4 Bg7 3. Nc3 d6 4. Be3 a6 5. Qd2 b5 6. 0-0-0 Bb7 7. f3 Nd7 8. Kb1 c6 9. h4 h5 10. Nh3 Nb6 11. Bd3 Qc7 12. Ng5 c5 13. dxc5 dxc5 14. Rhe1 e6 15. Bxb5+ axb5 16. Nxb5 Qc6 17. Nd6+ Kf8 18. Nxb7 Bxb2 19. Bxc5+ Kg7 20. Nd8 Rxd8 21. Qxd8 Qxc5 22. Kxb2 Na4+ 23. Kc1 Nf6 24. Qd4 Qb5 25. Re3 Rc8 26. Rb3 Qc6 27. Rd2 Nc5 28. Rc3 Qb5 29. Qc4 Qb8 30. Kd1 Qh2 31. Qd4 Qh1+ 32. Ke2 Qxg2+ 33. Ke1 Qh1+ 34. Ke2 Qh2+ 35. Kf1 Qf4 36. Qe3 Qxh4 37. Rxc5 Qh1+ 38. Ke2 Qh2+ 39. Kd1 Qh1+ 40. Ke2 Qh2+ 41. Ke1 Qh1+ 42. Ke2 Qh2+ 43. Ke1 1/2-1/2